[Event "ESP-ch Seniors 2017"]
[Site "Altea"]
[Date "2017.10.11"]
[Round "5"]
[White "Roche Simon, Manuel Angel"]
[Black "Serrano Marhuenda, Salvador"]
[Result "1-0"]
[WhiteElo "2216"]
[BlackElo "2012"]
[Annotator "TA"]
[PlyCount "85"]
[EventDate "2017.??.??"]
[EventType "swiss"]
[EventCountry "ESP"]
[SourceTitle "playchess.com"]
[Source "ChessBase"]
[SourceQuality "1"]

{[%evp 15,85,29,31,21,22,13,27,18,13,21,24,22,62,13,42,4,57,64,66,46,89,58,71,58,59,72,60,55,58,55,63,40,80,74,70,82,67,43,73,50,53,53,85,25,55,11,60,30,74,37,24,-3,-3,-25,-29,-33,-11,-70,-7,-16,10,6,253,17,296,296,425,351,709,407,743,330]} 1. e4 c5 2. Nf3 e6 3. d4 cxd4 4. Nxd4 a6 5. Nc3 Qc7 6. Bd3 Nf6 7. Qe2 Nc6 {B43: Sicilian: Kan Variation: 5 Nc3} (7... d6 8. f4 Nbd7 9. g4 Nc5 10. g5 Nfd7 11. Bd2 g6 12. h4 Bg7 13. Nf3 b5 14. h5 Bb7 15. h6 Bf8 16. O-O {0-1 (40) Rodshtein,M (2678)-Berkes,F (2649) Linares 2014}) 8. Nxc6 bxc6 {LiveBook: 7 Games} 9. e5 Nd5 {The position is equal.} 10. Nxd5 cxd5 11. O-O Be7 12. Bf4 Bb7 $146 ({Predecessor:} 12... O-O 13. Rfe1 g6 14. Qg4 d6 15. Qg3 dxe5 16. Bxe5 Qd8 17. Rad1 {½-½ (25) Zawadzka,J (2412)-Stachowiak,K (2446) Marianske Lazne 2015}) 13. Qg4 g5 {Threatens to win with ...h5.} 14. Bd2 ({Wrong is} 14. Bxg5 $2 Rg8 $19) 14... h5 15. Qe2 Qc6 (15... g4 $11) 16. f3 $14 {[%cal Bf2f3,Bf3f4][%mdl 32]} Qb6+ 17. Kh1 a5 18. b3 Ba6 19. f4 g4 20. f5 Bxd3 21. Qxd3 Qa6 22. fxe6 dxe6 23. Qd4 Qc6 24. Rac1 Ba3 25. Rcd1 Be7 26. c3 Rc8 27. a4 Qb7 28. Rb1 Qa6 29. Rfc1 (29. c4 $16) 29... Ba3 30. Re1 Be7 (30... Bc5 $5 {[%cal Rc5d4]} 31. Qf4 Rh7 $14) 31. Rf1 Qc6 32. Qd3 Rb8 33. c4 dxc4 $1 34. Qxc4 Qxc4 35. bxc4 Bb4 36. Bg5 (36. c5 $11) 36... Rc8 (36... O-O $1 $15) 37. Bf6 Rg8 38. Rfd1 Rg6 $2 {[#]} (38... Be7 $1 $11 {and Black is okay.}) 39. g3 $2 (39. c5 $1 $18 {[%mdl 512]}) 39... Rxf6 $2 {[%mdl 8192]} (39... Be7 $11 {and Black stays safe.}) 40. exf6 $18 Rc5 (40... Kf8 {was worth a try.} 41. Rd7 Kg8) 41. Kg2 Re5 $2 (41... Rxc4 42. Rdc1 Rxc1 43. Rxc1 Kd7 44. Rd1+ Kc7) 42. Rbc1 Ba3 (42... Re2+ $142 43. Kh1 Ba3) 43. Rc2 {Precision: White = 39%, Black = 27%.} (43. Rc3 $142 Bc5 44. Rcd3) 1-0

[Event "ESP-ch Seniors 2017"]
[Site "Altea"]
[Date "2017.10.11"]
[Round "5"]
[White "Fernandez Hernandez, Gerardo"]
[Black "Lloret Climent, Miguel"]
[Result "1/2-1/2"]
[WhiteElo "2178"]
[BlackElo "1950"]
[Annotator "TA"]
[PlyCount "135"]
[EventDate "2017.??.??"]
[EventType "swiss"]
[EventCountry "ESP"]
[SourceTitle "playchess.com"]
[Source "ChessBase"]
[SourceQuality "1"]

{[%evp 22,135,1,0,0,-2,-3,-8,3,0,30,35,77,57,83,68,78,70,81,65,80,65,77,75,76,61,64,66,65,58,58,0,0,0,37,13,37,13,43,25,31,30,33,0,33,0,0,0,0,0,0,0,11,10,22,22,82,79,127,22,22,22,22,22,37,22,31,31,220,192,271,221,221,213,216,15,22,0,78,13,38,8,8,8,8,0,8,0,16,0,8,8,42,0,0,0,10,0,576,572,1407,1311,1059,1149,1113,1051,987,0,0,0,0,0,0,0,0,0]} 1. e4 e5 2. Bc4 Nc6 3. Nc3 Nf6 4. d3 Bb4 5. Bg5 h6 6. Bxf6 Bxc3+ 7. bxc3 Qxf6 8. Ne2 O-O 9. O-O Na5 10. Bb3 d6 11. f4 Bg4 12. f5 c6 {C28: Vienna Game: 2...Nf6 3 Bc4 Nc6} 13. h3 $146 ({Predecessor:} 13. c4 Rfd8 14. h3 Bxe2 15. Qxe2 d5 16. cxd5 Nxb3 17. axb3 cxd5 18. exd5 Rxd5 19. Qe4 Rd7 20. Kh1 a6 21. Ra5 Re7 22. Re1 Rae8 23. b4 Qd6 24. Rd5 Qb6 25. Rc5 Qf6 26. Kh2 {½-½ (26) Vasiesiu,C (2225)-Olarasu,G (2270) Bucharest 1998}) 13... Bxe2 14. Qxe2 a6 15. Qe3 Nxb3 16. axb3 c5 17. Ra4 Rac8 18. Ra2 Rc6 19. Kh2 Qg5 20. Qe2 h5 21. c4 f6 22. Raa1 Kf7 23. Rf3 h4 24. Rg1 Rh8 25. Kh1 Rh7 26. Qe3 (26. c3 $14) 26... Qxe3 $11 27. Rxe3 {[%mdl 4096] Endgame KRR-KRR} Rb6 28. Ra1 Rh5 29. Kg1 Rg5 30. Rf3 Rc6 31. Kf2 Rc8 32. Ra4 Rc6 33. Re3 g6 34. fxg6+ Kxg6 35. Ra1 Rc7 36. Rf1 f5 37. exf5+ Rxf5+ 38. Rf3 Rcf7 (38... Rxf3+ $11 39. gxf3 Kf5) 39. Ke3 $16 Rxf3+ 40. gxf3 {KR-KR} ({Only move:} 40. Rxf3 $16 Rxf3+ 41. Kxf3) 40... Kf5 $11 41. Rg1 Re7 42. Rg8 Rh7 43. Rg4 Ke6 44. Ke4 {And now Rg6+ would win.} Ke7 $2 {[#]} (44... Rh6 $14) 45. Kd5 $1 $18 b5 (45... a5 {keeps fighting.} 46. Rg6 Rf7) 46. cxb5 axb5 47. Rg6 Rf7 48. Rh6 $2 ({Don't take} 48. Rxd6 $6 Rxf3 49. Re6+ (49. Kxc5 Rxh3 50. Rh6 Rh2 $14) 49... Kf7 $16) (48. Re6+ $18 Kf8 49. Kxd6) 48... Rxf3 $11 49. Rh7+ Ke8 (49... Kf6 $11) 50. Rxh4 ({White should play} 50. Kxd6 $16 Rxh3 51. Kxc5) 50... Rf2 $1 51. c4 bxc4 52. bxc4 {Threatens to win with Ke6.} Rf6 53. Rh7 Rg6 54. Kc6 Rf6 55. Kc7 Re6 56. Rh4 Rg6 57. Rh8+ Ke7 58. Rh7+ Ke8 59. Rd7 Rg3 $2 {[%mdl 8192] [#]} (59... e4 $1 $11 {and Black has nothing to worry.} 60. dxe4 Re6) 60. Rxd6 $18 Rxh3 61. Re6+ Kf7 62. Rxe5 Rxd3 63. Kc6 Kf6 64. Re4 $2 ({Better is} 64. Re8 $18 Kf7 65. Re2) 64... Rd4 $11 {The position is equal.} 65. Re8 Rxc4 66. Kd5 Rc1 67. Rc8 Rd1+ 68. Kc4 {Precision: White = 30%, Black = 43%.} 1/2-1/2

[Event "ESP-ch Seniors 2017"]
[Site "Altea"]
[Date "2017.10.11"]
[Round "5"]
[White "Simon Padros, Emili"]
[Black "Martinez De Soria Gordon, Jose Manuel"]
[Result "1-0"]
[WhiteElo "2153"]
[BlackElo "1862"]
[Annotator "ChessBase"]
[PlyCount "75"]
[EventDate "2017.??.??"]
[EventType "swiss"]
[EventCountry "ESP"]
[SourceTitle "playchess.com"]
[Source "ChessBase"]
[SourceQuality "1"]
[TimeControl "5400+30"]

1. e4 {[%emt 0:00:00]} c5 {[%emt 0:03:59]} 2. Nc3 {[%emt 0:00:00]} e6 {[%emt 0:00:28]} 3. Nf3 {[%emt 0:00:37]} a6 {[%emt 0:00:21]} 4. d4 {[%emt 0:00:23]} cxd4 {[%emt 0:00:07]} 5. Nxd4 {[%emt 0:00:09]} Qc7 {[%emt 0:00:08]} 6. g3 {[%emt 0:01:02]} Bb4 {[%emt 0:04:34]} 7. Nde2 {[%emt 0:02:29]} Ne7 {[%emt 0:01:26]} 8. Bg2 {[%emt 0:01:33]} d6 {[%emt 0:03:36]} 9. O-O {[%emt 0:01:25]} Bd7 {[%emt 0:00:33]} 10. Qd4 {[%emt 0:05:52]} Bxc3 {[%emt 0:04:23]} 11. Nxc3 {[%emt 0:01:05]} e5 {[%emt 0:01:38]} 12. Qd3 {[%emt 0:05:48]} Nbc6 {[%emt 0:05:07]} 13. Be3 {[%emt 0:05:25]} Rd8 {[%emt 0:10:45]} 14. a3 {[%emt 0:06:45]} O-O {[%emt 0:02:58]} 15. b4 {[%emt 0:09:25]} b5 {[%emt 0:08:29]} 16. Rac1 {[%emt 0:06:15]} Be6 {[%emt 0:06:48]} 17. Nd5 {[%emt 0:01:24]} Qb7 {[%emt 0:04:52]} 18. Rfd1 {[%emt 0:03:39]} Bxd5 {[%emt 0:03:54]} 19. exd5 {[%emt 0:00:38]} Nb8 {[%emt 0:00:22]} 20. c4 {[%emt 0:15:46]} bxc4 {[%emt 0:00:16]} 21. Rxc4 {[%emt 0:00:04]} Rc8 {[%emt 0:00:18]} 22. Rxc8 {[%emt 0:00:37]} Rxc8 {[%emt 0:00:03]} 23. Bh3 {[%emt 0:00:37]} Rf8 {[%emt 0:03:40]} 24. Bg5 {[%emt 0:02:29]} h6 {[%emt 0:01:20]} 25. Bxe7 {[%emt 0:00:38]} Qxe7 {[%emt 0:00:02]} 26. Rc1 {[%emt 0:00:36]} Qg5 {[%emt 0:02:39]} 27. Qe3 {[%emt 0:01:41]} Qh5 {[%emt 0:02:06]} 28. Bf1 {[%emt 0:05:07]} f5 {[%emt 0:00:14]} 29. Rc7 {[%emt 0:01:00]} f4 {[%emt 0:01:01]} 30. Qa7 {[%emt 0:00:44]} Qg5 {[%emt 0:03:50]} 31. Rb7 {[%emt 0:01:22]} fxg3 {[%emt 0:10:34]} 32. hxg3 {[%emt 0:00:32]} Rf3 {[%emt 0:00:37]} 33. Rxb8+ {[%emt 0:02:56]} Kh7 {[%emt 0:00:01]} 34. Bg2 {[%emt 0:01:04]} Qc1+ {[%emt 0:00:32]} 35. Kh2 {[%emt 0:00:36]} e4 {[%emt 0:00:41]} 36. Bxf3 {[%emt 0:01:32]} exf3 {[%emt 0:00:05]} 37. Qe3 {[%emt 0:01:22]} Qd1 {[%emt 0:00:04]} 38. Qe4+ {[%emt 0:00:14]} 1-0

[Event "ESP-ch Seniors 2017"]
[Site "Altea"]
[Date "2017.10.11"]
[Round "5"]
[White "Fos Santacreu, Juan Andres"]
[Black "Buxade Roca, Guillermo"]
[Result "0-1"]
[WhiteElo "2140"]
[BlackElo "2025"]
[Annotator "TA"]
[PlyCount "125"]
[EventDate "2017.??.??"]
[EventType "swiss"]
[EventCountry "ESP"]
[SourceTitle "playchess.com"]
[Source "ChessBase"]
[SourceQuality "1"]

{[%evp 12,125,21,15,11,13,42,25,32,12,57,12,81,20,14,10,35,-5,-10,-5,6,13,38,25,53,20,33,0,16,5,25,13,22,14,81,14,57,58,49,-14,-19,-20,-21,-34,-27,-42,-35,-50,-41,-45,-60,-50,-51,-108,-100,-159,-149,-141,-110,-73,-75,-185,-131,-173,-50,-100,-99,-126,-125,-265,-231,-371,-362,-362,-341,-540,-450,-469,-481,-526,-518,-564,-583,-559,-559,-875,-851,-754,-679,-614,-597,-587,-341,-524,-362,-349,-357,-4133,-579,-1980,-529,-505,-356,-416,-418,-383,-358,-339,-156,-812,-769,-560,-285,-340,-333,-439]} 1. d4 d5 2. Nf3 Nf6 3. Bf4 e6 4. e3 Nbd7 {[%cal Bb8d7,Bd7f8,Bf8g6][%mdl 32]} 5. Nbd2 Be7 6. h3 {D02: 1 d4 d5 2 Nf3 sidelines, including 2...Nf6 3 g3 and 2...Nf6 3 Bf4} O-O (6... c5 7. c3 Qb6 8. Qb3 c4 9. Qc2 Bd6 10. Bxd6 Qxd6 11. e4 e5 12. exd5 b5 13. a4 exd4 14. Nxd4 {1-0 (51) Grachev,B (2652)-Grishchenko,S (2442) Minsk 2015}) 7. Bd3 {LiveBook: 4 Games} Re8 8. O-O {The position is equal.} Nf8 9. Ne5 Ng6 10. Bh2 $146 ({Predecessor:} 10. Nxg6 hxg6 11. Nf3 Nd7 12. Qd2 f5 13. c4 c6 14. Qc2 {1-0 (31) Einhorn,L (2112)-Schmieder,H Germany 2009}) 10... Nd7 11. f4 f5 (11... c5 $11) 12. Kh1 (12. Nxg6 $16 hxg6 13. Nf3) 12... Ndxe5 $11 13. fxe5 c5 14. c3 c4 15. Bc2 Bg5 16. Qe2 Bd7 17. Nf3 Bh6 18. Rae1 Nh4 19. Ng1 Rf8 20. Bf4 g5 21. Bg3 Ng6 22. Bh2 Be8 {[#]} (22... Kh8 $11 {remains equal.}) 23. Rf2 ({White should try} 23. g4 $1 $16) 23... Qe7 24. g4 {[%cal Rg4f5]} f4 25. e4 (25. Ref1 $14) 25... Bc6 26. Nf3 b5 27. Bg1 a5 28. a3 b4 29. axb4 axb4 30. exd5 Bxd5 {White must now prevent ...bxc3.} 31. Be4 Qb7 32. cxb4 (32. Bxd5 $15 Qxd5 33. Qe4) 32... Rfb8 $17 33. Bxd5 (33. Nd2 $142) 33... Qxd5 34. Qe4 Qxe4 35. Rxe4 Rxb4 36. Rc2 (36. Re1 $17) 36... Ra2 (36... Rb3 $19 37. Kg2 Nh4+ 38. Nxh4 gxh4) 37. Ree2 Ne7 ({Black should play} 37... Rb3 $19 38. Rf2 Nh4) 38. Bf2 Nd5 39. Kh2 Kf7 40. h4 (40. Be1 $17 Rb3 41. Bc3) 40... gxh4 $19 {aiming for ...Rb3.} 41. g5 (41. Be1 {was the only chance.} Rb3 42. Bc3) 41... Bf8 42. Nxh4 Be7 43. Kh3 (43. Bg1 $142) 43... Bxg5 44. Kg4 Bxh4 45. Kxh4 f3 46. Red2 Kg6 47. Kg3 Kf5 48. Kxf3 Rb3+ 49. Ke2 Nf4+ 50. Kd1 Ra1+ 51. Rc1 Rxc1+ 52. Kxc1 {[%mdl 4096] Endgame KRB-KRN} Nd3+ 53. Kb1 Ke4 54. Bg1 $2 {[#]} (54. Ka1) 54... h5 (54... c3 $142 55. Rg2 cxb2 56. Re2+ Kd5) 55. Ka2 Rb8 (55... Nb4+ $142 56. Kb1 h4) 56. Rh2 Rh8 57. Rh4+ Kd5 58. Be3 Nb4+ 59. Kb1 Rf8 (59... Rg8 $19 {is more deadly. Threatens to win with ...Rg3.} 60. Rxh5 Rg3) 60. b3 $2 (60. Rh1 $17) 60... c3 61. Rh3 Rf1+ 62. Bc1 h4 ({But not} 62... Kxd4 63. Rh4+ Kc5 64. Rc4+ Kb5 65. Rxc3 $19) 63. Rxh4 {Precision: White = 27%, Black = 45%.} 0-1

[Event "ESP-ch Seniors 2017"]
[Site "Altea"]
[Date "2017.10.11"]
[Round "5"]
[White "Gonzalez Custodio, Rafael"]
[Black "Aranaz Portugues, Jose Carlos"]
[Result "0-1"]
[WhiteElo "2105"]
[BlackElo "2159"]
[Annotator "TA"]
[PlyCount "72"]
[EventDate "2017.??.??"]
[EventType "swiss"]
[EventCountry "ESP"]
[SourceTitle "playchess.com"]
[Source "ChessBase"]
[SourceQuality "1"]

{[%evp 16,72,-18,-48,-32,-32,-33,-39,0,-64,-56,-72,-72,-62,27,-89,-65,-67,-33,-79,-44,-64,-18,-24,-4,-22,-14,-85,-49,-102,-97,-85,-84,-97,-113,-101,-103,-114,-120,-689,-652,-652,-654,-634,-634,-29995,-766,-728,-666,-766,-764,-737,-694,-734,-704,-676,-671,-656,-647]} 1. e4 e6 2. d3 d5 3. Nd2 Nf6 4. Ngf3 Nc6 5. g3 dxe4 6. dxe4 e5 7. Bg2 Bc5 8. O-O O-O 9. h3 h6 {C00: French: Unusual White 2nd moves} (9... a5 10. c3 b6 11. Re1 Ba6 12. Bf1 Bxf1 13. Kxf1 Qc8 14. Kg2 Rd8 15. Qc2 a4 16. Nc4 Qe6 17. Ne3 b5 18. Ng5 {1-0 (67) Popov,R (2362)-Drozdovskij,Y (2562) playchess.com INT 2007}) 10. Nh4 $146 ({Predecessor:} 10. Qe2 Qe7 11. Nb3 Bb6 12. Be3 Be6 13. c3 Rfd8 14. Rfd1 Rxd1+ 15. Rxd1 Rd8 16. Rxd8+ Qxd8 17. Nfd2 {½-½ (31) Mischustov,M (2367)-Heika,M (2355) Germany 2004}) 10... Be6 11. Kh2 Nh7 {Black is slightly better.} 12. c3 (12. Nf5 $11) 12... Qd3 $1 $15 13. Qf3 Rad8 14. Nf5 Bb6 (14... Qc2 $15 15. Nb3 Bb6) 15. h4 (15. Qg4 $1 $11 {keeps the balance.} Bxf5 16. exf5) 15... Qxf3 16. Bxf3 Nf6 17. g4 Kh7 18. g5 Ng8 19. Be2 Nge7 20. Nxe7 Nxe7 {[%cal Bc6e7,Be7g6,Bg6f4][%mdl 32]} 21. Nf3 (21. Nc4 $11) 21... Ng6 22. Kg3 {[#]} (22. a4 $15) 22... f5 $1 $36 {[%cal Rf5e4][%mdl 2048] Black has strong initiative.} 23. exf5 Rxf5 {White must now prevent ...c6.} 24. h5 {[#]} Nf4 $1 {[%cal Rf4e2]} 25. Bxf4 exf4+ {[%cal Be5f4,Bf4f3][%mdl 32]} 26. Kh4 Rdd5 {[%cal Rf5g5] aiming for ...Rxg5.} 27. g6+ $2 {[%mdl 8192]} (27. c4 $17 Rd7 28. Bd1) 27... Kh8 {[%csl Gd5][%cal Rf5h5]} 28. Nd4 Bxd4 29. cxd4 {And now Bg4 would win.} f3 30. Bd3 Rxd4+ (30... Rg5 $142 31. Rg1 Rxd4+ 32. Be4 Rxe4+ 33. Rg4 Rgxg4+ 34. Kh3 Rg2#) 31. Kg3 $19 {Black is clearly winning.} Rxd3 32. Rfe1 Rg5+ 33. Kf4 Rg4+ 34. Ke5 Bg8 {[%csl Gg8][%cal Rd3d5]} 35. Rad1 Rxd1 36. Rxd1 Rg5+ {Precision: White = 31%, Black = 27%.} 0-1

[Event "ESP-ch Seniors 2017"]
[Site "Altea"]
[Date "2017.10.11"]
[Round "5"]
[White "Acebal Muniz, Antonio"]
[Black "Riquelme Valero, Manuel Damian"]
[Result "1/2-1/2"]
[WhiteElo "2091"]
[BlackElo "2147"]
[Annotator "NA"]
[PlyCount "21"]
[EventDate "2017.??.??"]
[EventType "swiss"]
[EventCountry "ESP"]
[SourceTitle "playchess.com"]
[Source "ChessBase"]
[SourceQuality "1"]
[TimeControl "5400+30"]

1. Nf3 {[%emt 0:08:12]} f5 {[%emt 0:00:51]} 2. d4 {[%emt 0:01:24]} Nf6 {[%emt 0:00:10]} 3. c4 {[%emt 0:00:32]} g6 {[%emt 0:00:57]} 4. g3 {[%emt 0:00:42]} Bg7 {[%emt 0:00:17]} 5. Bg2 {[%emt 0:00:20]} O-O {[%emt 0:00:12]} 6. O-O {[%emt 0:00:23]} d6 {[%emt 0:00:42]} 7. Nc3 {[%emt 0:02:25]} c6 {[%emt 0:00:22]} 8. d5 {[%emt 0:01:41]} e5 {[%emt 0:01:04]} 9. dxe6 {[%emt 0:00:30]} Bxe6 {[%emt 0:00:13]} 10. Qd3 {[%emt 0:01:18]} Na6 11. Ng5 1/2-1/2

[Event "ESP-ch Seniors 2017"]
[Site "Altea"]
[Date "2017.10.11"]
[Round "5"]
[White "Ladron De Guevara Galar, Fco J"]
[Black "Lloret Ramis, Juan Jose"]
[Result "0-1"]
[WhiteElo "2081"]
[BlackElo "2120"]
[Annotator "ChessBase"]
[PlyCount "94"]
[EventDate "2017.??.??"]
[EventType "swiss"]
[EventCountry "ESP"]
[SourceTitle "playchess.com"]
[Source "ChessBase"]
[SourceQuality "1"]
[TimeControl "5400+30"]

1. d4 {[%emt 0:00:00]} d5 {[%emt 0:00:25]} 2. c4 {[%emt 0:00:00]} e6 {[%emt 0:00:14]} 3. Nf3 {[%emt 0:00:26]} Nf6 {[%emt 0:00:13]} 4. g3 {[%emt 0:00:28]} Be7 {[%emt 0:00:18]} 5. Bg2 {[%emt 0:00:22]} O-O {[%emt 0:00:15]} 6. O-O {[%emt 0:00:13]} dxc4 {[%emt 0:00:21]} 7. Qc2 {[%emt 0:00:36]} a6 {[%emt 0:00:14]} 8. a4 {[%emt 0:00:48]} Bd7 {[%emt 0:02:21]} 9. Bg5 {[%emt 0:04:59]} Bc6 {[%emt 0:05:06]} 10. Qxc4 {[%emt 0:04:14]} Bd5 {[%emt 0:13:41]} 11. Qc2 {[%emt 0:01:59]} Be4 {[%emt 0:11:04]} 12. Qc1 {[%emt 0:05:05]} Nbd7 {[%emt 0:16:31]} 13. Nc3 {[%emt 0:01:24]} Bc6 {[%emt 0:02:13]} 14. Qc2 {[%emt 0:05:51]} Nd5 {[%emt 0:14:07]} 15. Bd2 {[%emt 0:19:38]} Nb4 {[%emt 0:03:06]} 16. Qb3 {[%emt 0:02:38]} a5 {[%emt 0:01:51]} 17. e4 {[%emt 0:00:59]} Nf6 {[%emt 0:03:56]} 18. Rfe1 {[%emt 0:02:32]} h6 {[%emt 0:00:29]} 19. Rad1 {[%emt 0:04:26]} b6 {[%emt 0:00:26]} 20. Bf4 {[%emt 0:04:18]} Bb7 {[%emt 0:07:28]} 21. Ne5 {[%emt 0:04:46]} Bd6 {[%emt 0:03:21]} 22. Bh3 {[%emt 0:15:38]} Re8 {[%emt 0:04:57]} 23. Bc1 {[%emt 0:08:30]} Bxe5 {[%emt 0:00:48]} 24. dxe5 {[%emt 0:00:25]} Nd7 {[%emt 0:00:05]} 25. Be3 {[%emt 0:01:19]} Qe7 {[%emt 0:00:37]} 26. f4 {[%emt 0:01:28]} Nc5 {[%emt 0:00:40]} 27. Qc4 {[%emt 0:01:41]} Ncd3 {[%emt 0:03:09]} 28. Rxd3 {[%emt 0:03:41]} Ba6 {[%emt 0:00:02]} 29. Nb5 {[%emt 0:00:23]} Nxd3 {[%emt 0:00:11]} 30. Qxd3 {[%emt 0:01:15]} c6 {[%emt 0:00:15]} 31. Bxb6 {[%emt 0:00:24]} cxb5 {[%emt 0:00:27]} 32. axb5 {[%emt 0:00:02]} Qb4 {[%emt 0:00:25]} 33. Qe3 {[%emt 0:03:22]} Bxb5 {[%emt 0:00:30]} 34. Bc5 {[%emt 0:00:34]} Qxb2 {[%emt 0:00:25]} 35. f5 {[%emt 0:00:28]} Qxe5 {[%emt 0:02:56]} 36. Bd4 {[%emt 0:00:02]} Qc7 {[%emt 0:00:29]} 37. e5 {[%emt 0:00:24]} exf5 {[%emt 0:00:57]} 38. Bxf5 {[%emt 0:00:15]} Bd7 39. Rc1 Qxc1+ {[%emt 0:02:53]} 40. Qxc1 {[%emt 0:00:04]} Bxf5 {[%emt 0:00:02]} 41. Qf4 {[%emt 0:00:26]} Be6 {[%emt 0:00:03]} 42. Bc5 {[%emt 0:01:35]} a4 {[%emt 0:00:02]} 43. Ba3 {[%emt 0:00:17]} Rec8 {[%emt 0:00:21]} 44. Qb4 {[%emt 0:01:01]} Rc4 {[%emt 0:00:10]} 45. Qd6 {[%emt 0:00:05]} Rac8 {[%emt 0:00:04]} 46. Kf1 {[%emt 0:00:57]} Re4 {[%emt 0:00:27]} 47. Qd3 {[%emt 0:00:25]} Bc4 {[%emt 0:00:12]} 0-1

[Event "ESP-ch Seniors 2017"]
[Site "Altea"]
[Date "2017.10.11"]
[Round "5"]
[White "Clari Mascarell, Jose Javier"]
[Black "Nunez Munoz, Jesus"]
[Result "1/2-1/2"]
[WhiteElo "2047"]
[BlackElo "2199"]
[Annotator "ChessBase"]
[PlyCount "172"]
[EventDate "2017.??.??"]
[EventType "swiss"]
[EventCountry "ESP"]
[SourceTitle "playchess.com"]
[Source "ChessBase"]
[SourceQuality "1"]
[TimeControl "5400+30"]

1. d4 {[%emt 0:00:57]} Nf6 {[%emt 0:00:25]} 2. Nf3 {[%emt 0:06:27]} e6 {[%emt 0:00:13]} 3. Bg5 {[%emt 0:04:38]} c5 {[%emt 0:00:22]} 4. e3 {[%emt 0:01:51]} cxd4 {[%emt 0:01:59]} 5. exd4 {[%emt 0:00:52]} b6 {[%emt 0:00:06]} 6. Bd3 {[%emt 0:00:31]} Bb7 {[%emt 0:00:05]} 7. O-O {[%emt 0:00:05]} Be7 {[%emt 0:00:22]} 8. Qe2 {[%emt 0:00:11]} O-O {[%emt 0:00:22]} 9. Nbd2 {[%emt 0:00:17]} d6 {[%emt 0:01:16]} 10. c3 {[%emt 0:03:42]} Nbd7 {[%emt 0:00:37]} 11. Bh4 {[%emt 0:03:52]} Re8 {[%emt 0:07:28]} 12. Rfe1 {[%emt 0:26:08]} Qc7 {[%emt 0:01:13]} 13. Ne4 {[%emt 0:05:50]} Nxe4 {[%emt 0:05:49]} 14. Bxe4 {[%emt 0:03:28]} Bxh4 {[%emt 0:00:46]} 15. Nxh4 {[%emt 0:01:24]} Bxe4 {[%emt 0:00:35]} 16. Qxe4 {[%emt 0:00:05]} Nf6 {[%emt 0:00:13]} 17. Qd3 {[%emt 0:02:05]} Qb7 {[%emt 0:05:46]} 18. Nf3 {[%emt 0:01:54]} Rac8 {[%emt 0:08:09]} 19. h3 {[%emt 0:01:06]} b5 {[%emt 0:01:31]} 20. a3 {[%emt 0:00:10]} h6 {[%emt 0:01:05]} 21. Nd2 {[%emt 0:00:44]} a5 {[%emt 0:06:03]} 22. Rac1 {[%emt 0:12:05]} Rc7 {[%emt 0:09:15]} 23. Ne4 {[%emt 0:05:55]} Nxe4 {[%emt 0:01:00]} 24. Rxe4 {[%emt 0:05:06]} Qd5 {[%emt 0:08:35]} 25. Re2 {[%emt 0:03:38]} Rec8 {[%emt 0:00:21]} 26. Rec2 {[%emt 0:02:43]} g6 {[%emt 0:06:11]} 27. Kh2 {[%emt 0:02:55]} Kg7 {[%emt 0:00:08]} 28. f4 {[%emt 0:01:45]} h5 {[%emt 0:05:32]} 29. Kg3 {[%emt 0:00:58]} e5 {[%emt 0:01:05]} 30. fxe5 {[%emt 0:01:03]} dxe5 {[%emt 0:00:05]} 31. Rd2 {[%emt 0:01:12]} e4 {[%emt 0:00:31]} 32. Qe3 {[%emt 0:00:14]} b4 {[%emt 0:03:44]} 33. axb4 {[%emt 0:00:28]} axb4 {[%emt 0:00:05]} 34. Rdc2 {[%emt 0:01:35]} f5 {[%emt 0:01:56]} 35. Qf4 {[%emt 0:00:47]} Kh7 {[%emt 0:03:50]} 36. Kh2 {[%emt 0:00:01]} Kg7 {[%emt 0:07:52]} 37. Ra1 {[%emt 0:01:04]} Re7 {[%emt 0:01:54]} 38. Ra6 {[%emt 0:00:24]} Qb5 {[%emt 0:07:27]} 39. Qg5 {[%emt 0:00:49]} Qxa6 {[%emt 0:00:16]} 40. Qxe7+ {[%emt 0:00:01]} Kh6 {[%emt 0:01:11]} 41. Qxb4 {[%emt 0:00:38]} Qd3 {[%emt 0:00:38]} 42. Rc1 {[%emt 0:00:46]} Re8 {[%emt 0:01:38]} 43. Qd6 {[%emt 0:00:14]} Qd2 {[%emt 0:01:03]} 44. Rf1 {[%emt 0:00:01]} Qg5 {[%emt 0:02:10]} 45. Qf4 {[%emt 0:00:32]} e3 {[%emt 0:00:14]} 46. Qxg5+ {[%emt 0:00:37]} Kxg5 {[%emt 0:00:07]} 47. Kg3 {[%emt 0:00:02]} Rb8 {[%emt 0:01:00]} 48. h4+ {[%emt 0:00:46]} Kf6 {[%emt 0:00:05]} 49. Rb1 {[%emt 0:00:43]} g5 {[%emt 0:00:04]} 50. hxg5+ {[%emt 0:00:01]} Kxg5 {[%emt 0:00:07]} 51. Kf3 {[%emt 0:00:03]} f4 {[%emt 0:00:05]} 52. b4 {[%emt 0:00:41]} Rc8 {[%emt 0:00:03]} 53. Rc1 {[%emt 0:00:08]} Kf5 {[%emt 0:00:24]} 54. Rh1 {[%emt 0:01:51]} Kg5 {[%emt 0:00:04]} 55. Rc1 {[%emt 0:00:46]} Kf5 {[%emt 0:00:04]} 56. Ra1 {[%emt 0:00:03]} Rxc3 {[%emt 0:02:49]} 57. Ra5+ {[%emt 0:00:01]} Ke6 {[%emt 0:00:12]} 58. Kxf4 {[%emt 0:00:06]} e2 {[%emt 0:00:06]} 59. Re5+ {[%emt 0:00:04]} Kd6 {[%emt 0:00:06]} 60. Rxe2 {[%emt 0:00:06]} Rc4 {[%emt 0:00:01]} 61. Ke4 {[%emt 0:00:19]} Rxb4 {[%emt 0:00:05]} 62. Ra2 {[%emt 0:00:21]} Rb3 {[%emt 0:00:51]} 63. Ra6+ {[%emt 0:00:56]} Kd7 {[%emt 0:00:07]} 64. Rg6 {[%emt 0:01:12]} h4 {[%emt 0:00:08]} 65. Ke5 {[%emt 0:00:23]} h3 {[%emt 0:00:19]} 66. Rg7+ {[%emt 0:01:37]} Kc8 {[%emt 0:01:31]} 67. gxh3 {[%emt 0:00:52]} Rxh3 {[%emt 0:00:06]} 68. d5 {[%emt 0:00:08]} Rh6 {[%emt 0:00:17]} 69. Kd4 {[%emt 0:00:44]} Kd8 {[%emt 0:00:14]} 70. Kc5 {[%emt 0:00:02]} Kc8 {[%emt 0:00:23]} 71. Rg4 {[%emt 0:00:59]} Kd7 {[%emt 0:00:19]} 72. Ra4 {[%emt 0:00:08]} Rg6 {[%emt 0:00:23]} 73. Rb4 {[%emt 0:00:14]} Kc7 {[%emt 0:00:20]} 74. Re4 {[%emt 0:00:48]} Kd7 {[%emt 0:00:06]} 75. Ra4 {[%emt 0:00:11]} Rh6 {[%emt 0:00:28]} 76. Ra7+ {[%emt 0:00:29]} Kd8 {[%emt 0:00:14]} 77. Ra8+ {[%emt 0:00:50]} Kd7 {[%emt 0:00:10]} 78. Rg8 {[%emt 0:00:11]} Kc7 {[%emt 0:00:49]} 79. Rg7+ {[%emt 0:00:11]} Kd8 {[%emt 0:00:06]} 80. Rb7 {[%emt 0:01:20]} Kc8 {[%emt 0:00:32]} 81. Re7 {[%emt 0:00:30]} Kd8 {[%emt 0:00:48]} 82. Rg7 {[%emt 0:00:34]} Kc8 {[%emt 0:00:12]} 83. Ra7 {[%emt 0:00:46]} Kd8 {[%emt 0:00:09]} 84. d6 {[%emt 0:00:27]} Rh1 {[%emt 0:00:08]} 85. Ra8+ {[%emt 0:00:06]} Kd7 {[%emt 0:00:07]} 86. Ra7+ {[%emt 0:00:01]} Kd8 {[%emt 0:00:06]} 1/2-1/2